[Event "MCR mladeze, Kouty 2018 - D12"]
[Site "Kouty nad Desnou"]
[Date "2018.03.12"]
[Round "4"]
[White "Movsisyan, Lusine"]
[Black "Folkova, Marketa"]
[Result "0-1"]
[WhiteElo "1000"]
[BlackElo "1027"]
[EventDate "2018.03.10"]

1. e4  e5  2. Nf3  Nc6
3. d4  exd4  4. Nxd4
Bc5  5. Nxc6  bxc6
6. f3  d5  7. exd5
cxd5  8. Nc3  Nf6
9. Bg5  h6  10. Bxf6
Qxf6  11. Nxd5  Qe6+
12. Qe2  Qxe2+  13. Bxe2
O-O  14. Nxc7  Rb8
15. Nb5  Re8  16. Nxa7
Bxa7  17. b3  Ba6
18. Rd1  Rxe2+  19. Kf1
Rxc2+  20. Ke1  Re8# 0-1

[Event "MCR mladeze, Kouty 2018 - D12"]
[Site "Kouty nad Desnou"]
[Date "2018.03.12"]
[Round "4"]
[White "Jaresova, Vendula"]
[Black "Jandova, Zuzana"]
[Result "0-1"]
[WhiteElo "1000"]
[BlackElo "1029"]
[EventDate "2018.03.10"]

1. e4  e5  2. Nc3  Nf6
3. Nf3  Nc6  4. Bc4
Bc5  5. d3  O-O
6. O-O  d6  7. d4  exd4
8. Na4  Bg4  9. h3
Bh5  10. Bg5  Qe7
11. Nxc5  dxc5  12. c3
Qxe4  13. cxd4  cxd4
14. Bb3  Rad8  15. Bc2
d3  16. Bb3  Nb4
17. Nd2  Qf5  18. a3
Bxd1  19. Bxd1  Qxg5
20. Nc4  Nc2  21. Bxc2
dxc2  22. Rfe1 Qf4 23. Re7
c1=Q+ 24. Rxc1 Qxc1+  25. Kh2  Qxc4
26. Re1 Qf4+ 27. g3  Qf5  28.
Re7  Rd1  29. Rxc7  Qxf2#
0-1

[Event "MCR mladeze, Kouty 2018 - D12"]
[Site "Kouty nad Desnou"]
[Date "2018.03.12"]
[Round "4"]
[White "Sehnoutkova, Laura"]
[Black "Mitasova, Klara"]
[Result "1-0"]
[WhiteElo "1079"]
[BlackElo "1000"]
[EventDate "2018.03.10"]

1. e4  e5  2. Nf3  Nc6
3. Bc4  Nf6  4. Ng5
Bc5  5. Nxf7  Bxf2+
6. Kxf2  Nxe4+  7. Kg1
Qf6  8. Qf3  Qd6
9. Nxd6+  cxd6  10. Qxe4
Rf8  11. Nc3  Na5
12. Be2  Rb8  13. d4
b6  14. dxe5  Bb7
15. Qxh7  Nc6  16. exd6
Ne5  17. Qxg7  Nf7
18. Bg5  Bd5  19. Nxd5
Rc8  20. Qf6  Rd8
21. Qe7# 1-0

[Event "MCR mladeze, Kouty 2018 - D12"]
[Site "Kouty nad Desnou"]
[Date "2018.03.13"]
[Round "5"]
[White "Fizerova, Lucie"]
[Black "Vankova, Marie"]
[Result "1-0"]
[WhiteElo "1367"]
[BlackElo "1291"]
[EventDate "2018.03.10"]

1. e4  e6  2. d4  d5
3. exd5  exd5  4. Nc3
Nf6  5. Bg5  Be7
6. Bd3  O-O  7. Nce2
Nbd7  8. Nf3  c5
9. c3  Ne4  10. Be3
Ndf6  11. Qc2  c4
12. Bxe4  Nxe4  13. Ng3
f5  14. Bf4  Qe8
15. O-O  Bd8  16. Rfe1
Be6  17. Nd2  Rc8
18. f3  Nxg3  19. hxg3
Qg6  20. Kf2  h5
21. Rh1  Kf7  22. Be5
Rh8  23. Rae1  Be7
24. Re3  Rh7  25. f4
Rch8  26. Rh3  h4
27. b3  Qg4  28. Nf3
Rh6  29. Bc7  Bf6
30. Qe2  Re8  31. bxc4
Rhh8  32. gxh4  Bxh4+
33. Rxh4  Rxh4  34. Ne5+
Kf6  35. Nxg4+  Rxg4
36. cxd5  Bxd5  37. g3
Rh8  38. Ke1  Rh1+
39. Kd2  Ra1  40. Bd8+
Kg6  41. Kd3  Rxa2
42. Qe1  Be4+  43. Rxe4
fxe4+  44. Qxe4+  Kh6
45. Bg5+  1-0

[Event "MCR mladeze, Kouty 2018 - D12"]
[Site "Kouty nad Desnou"]
[Date "2018.03.13"]
[Round "5"]
[White "Voriskova, Anna"]
[Black "Pejrimovska, Viola Ruby"]
[Result "1-0"]
[WhiteElo "1521"]
[BlackElo "1444"]
[EventDate "2018.03.10"]

1. e4  c5  2. Nf3  e6
3. d4  cxd4  4. Nxd4
a6  5. Bd3  d6
6. O-O  Be7  7. Be3  Nf6
8. Nd2  O-O  9. Qe2
b5  10. Kh1  Bb7
11. f4  Nc6  12. Nxc6
Bxc6  13. e5  Nd5
14. c4  Nxe3  15. Qxe3
dxe5  16. fxe5  Bg5
17. Qh3  Bh6  18. Rad1
Qg5  19. Rfe1  Rad8
20. cxb5  axb5  21. Nf3
Qf4  22. Bc2  Rc8
23. Rd4  Be4  24. Rdxe4
Qf5  25. Qxf5  exf5
26. R4e2  g6  27. Bb3
Bf4  28. g3  Bh6
29. e6  Kg7  30. exf7
Kf6  31. Re8  g5
32. Rxc8  Rxc8  33. Re8
Rc1+  34. Kg2  g4
35. f8=Q+  Bxf8  36. Rxf8+
Ke7  37. Rf7+  Ke8
38. Ng1  Rb1  39. Rxf5
Rxb2+  40. Rf2  1-0

[Event "MCR mladeze, Kouty 2018 - D12"]
[Site "Kouty nad Desnou"]
[Date "2018.03.13"]
[Round "5"]
[White "Koci, Magda"]
[Black "Hosova, Sandra"]
[Result "1-0"]
[WhiteElo "1301"]
[BlackElo "1142"]
[EventDate "2018.03.10"]

1. e4  c5  2. c3  Nc6
3. d4  cxd4  4. cxd4
d6  5. Nf3  Bg4
6. d5  Bxf3  7. Qxf3  Nd4
8. Qd1  Qb6  9. Qa4+
Kd8  10. Be3  Qxb2
11. Qxd4  Qc2  12. Qc4
Qxc4  13. Bxc4  g6
14. Bd4  f6  15. Nd2
Rc8  16. Bb3  b6
17. O-O  h5  18. Rac1
Rb8  19. f4  Bh6
20. Nc4  Rc8  21. Rce1
b5  22. Na5  g5
23. Nc6+  Ke8  24. e5  dxe5
25. fxe5  Bg7  26. exf6
Nxf6  27. Bxf6  Kf8
28. Bxg7+  Kxg7  29. Rxe7+
Kg6  30. Bc2+  Kh6
31. Rf6#  1-0

[Event "MCR mladeze, Kouty 2018 - D12"]
[Site "Kouty nad Desnou"]
[Date "2018.03.13"]
[Round "5"]
[White "Stastna, Alena"]
[Black "Trasakova, Adela"]
[Result "0-1"]
[WhiteElo "1067"]
[BlackElo "1227"]
[EventDate "2018.03.10"]

1. e4  c6  2. d4  d5
3. Nc3  dxe4  4. Nxe4
Nf6  5. Bd3  Nxe4
6. Bxe4  Nd7  7. c3
Nf6  8. Bd3  Bg4
9. f3  Bh5  10. Nh3
e6  11. Bg5  Bd6
12. Qd2  Bg6  13. Bxg6
hxg6  14. Nf4  Qc7
15. Qe3  Nd5  16. Nxd5
cxd5  17. g3  Bxg3+
18. Kd2  Rxh2+  19. Rxh2
Bxh2  20. Rh1  Qg3
21. Kd3  Kd7  22. Rf1
f6  23. Bxf6  gxf6
24. Qh6  Kd6  25. Qg7
Qg2  26. Re1  Qxf3+
27. Re3  Qd1# 0-1

[Event "MCR mladeze, Kouty 2018 - D12"]
[Site "Kouty nad Desnou"]
[Date "2018.03.13"]
[Round "5"]
[White "Sulcova, Tereza"]
[Black "Zelbova, Lada"]
[Result "1/2-1/2"]
[WhiteElo "1140"]
[BlackElo "1131"]
[EventDate "2018.03.10"]

1. d4 d5 2. Nf3 c5 3. c3 Bf5 4. e3 Nf6 5. Bd3 Ne4 6. O-O e6 7. Bb5+
Nc6  8. Ne5  Qb6
9. Qa4  Rc8  10. Bxc6+
bxc6  11. Qb3  c4
12. Qxb6  axb6  13. Nd2
Bd6  14. f4  Bxe5
15. fxe5  Nxd2  16. Bxd2
O-O  17. b4 c5  18. bxc5
bxc5  19. a4  cxd4
20. exd4  Ra8  21. a5
Ra6  22. Ra2  Rfa8
23. Rfa1  Rb8  24. Kf1
Rb3  25. Ke1  Bg4
26. h3  Bh5  27. g4
Bg6  28. Kd1  h6
29. Kc1  Rb5  30. Be1
Kh7  31. Kd2  Be4
32. Ke3  Kg6  33. Kf4
Kh7  34. h4  f6
35. Bf2  Rb3  36. Ra3  Bc2
37. R1a2  Be4  38. h5
f5  39. Bh4  fxg4
40. Kxg4  g5  41. hxg6+
Kxg6  42. Bd8  Bb1
43. Ra1  Rb2  44. Bf6
h5+  45. Kg3  Kf5
46. Kf3  Be4+  47. Kg3
Bb1  48. Kh4  Ke4
49. Kxh5  Kd3  50. Bh4
Bc2  51. Rh1  Rb3
52. Rh3+  Kd2  53. Bg5+
Kd1  54. Ra1+  Ke2
55. Rh2+  Kd3  56. Rd2+
Kxc3  57. Rc1  1/2-1/2

[Event "MCR mladeze, Kouty 2018 - D12"]
[Site "Kouty nad Desnou"]
[Date "2018.03.13"]
[Round "5"]
[White "Rolinkova, Adela"]
[Black "Markova, Karolina"]
[Result "0-1"]
[WhiteElo "1209"]
[BlackElo "1147"]
[EventDate "2018.03.10"]

1. e4  e5  2. Nf3  Nf6
3. d4  Nxe4  4. Bd3
d5  5. Qe2  Be7
6. Bxe4  dxe4  7. Qxe4  exd4
8. Nxd4  O-O  9. O-O
Bc5  10. Nb3  Re8
11. Qc4  Bb6  12. Nc3
Nc6  13. Bf4  Be6
14. Qa4  Qf6  15. Rfe1
Re7  16. Rad1  Rae8
17. Bg3  Bxb3  18. Rxe7
Qxe7  0-1

[Event "MCR mladeze, Kouty 2018 - D12"]
[Site "Kouty nad Desnou"]
[Date "2018.03.13"]
[Round "5"]
[White "Zemanova, Nikola"]
[Black "Novakova, Barbora"]
[Result "1-0"]
[WhiteElo "1173"]
[BlackElo "1188"]
[EventDate "2018.03.10"]

1. d4  d5  2. c4  e6
3. Nf3  Nf6  4. Bg5
Nbd7  5. e3  Be7
6. Nc3  O-O  7. Bd3
b6  8. O-O  Bb7
9. Rc1  c5  10. Qc2  dxc4
11. Be4  Nxe4  12. Bxe7
Qxe7  13. Nxe4  cxd4
14. Nxd4  Ne5  15. Rcd1
Rfd8  16. Rd2  Ba6
17. Rfd1  Rac8  18. Nc3
Qg5  19. f4  Qh5
20. fxe5  Qxe5  21. Qe4
Qxe4  22. Nxe4  f5
23. Nc3  e5  24. Nxf5
Rxd2  25. Rxd2  b5
26. Ne7+  1-0

[Event "MCR mladeze, Kouty 2018 - D12"]
[Site "Kouty nad Desnou"]
[Date "2018.03.13"]
[Round "5"]
[White "Martinkova, Magdalena"]
[Black "Nagyova, Daniela"]
[Result "1-0"]
[WhiteElo "1112"]
[BlackElo "1313"]
[EventDate "2018.03.10"]

1. e4  e5  2. Nf3  Nc6
3. Bc4  Nf6  4. d3
Bc5  5. Nc3  d6
6. Be3  Be6  7. Bxe6  fxe6
8. Bxc5  dxc5  9. O-O
Nd4  10. Nxe5  Qd6
11. f4  O-O-O  12. Nf7
Qe7  13. Nxh8  Rxh8
14. Ne2  Nc6  15. Ng3
h5  16. h3  h4
17. Ne2  Nh5  18. f5  e5
19. Qd2  Nd4  20. Nxd4
cxd4  21. Rf3  Nf4
22. Rxf4  exf4  23. Qxf4
Rf8  24. Qg4  Qf6
25. Re1  Kd7  26. e5
Qxf5  27. e6+  Ke7
28. Qxg7+  Kd6  29. Qd7+
Kc5  30. Qxc7+  Kb5
31. Re5+  1-0

[Event "MCR mladeze, Kouty 2018 - D12"]
[Site "Kouty nad Desnou"]
[Date "2018.03.13"]
[Round "5"]
[White "Nespora, Tatana"]
[Black "Spacilova, Klara"]
[Result "1-0"]
[WhiteElo "1274"]
[BlackElo "1014"]
[EventDate "2018.03.10"]

1. e4  e5  2. Nf3  Nc6
3. Nc3  Nf6  4. d4
exd4  5. Nd5  Be7
6. Nxd4  O-O  7. Qd3
d6  8. Be3  Re8
9. O-O-O  h6  10. f3  Bf8
11. g4  a6  12. h4
h5  13. Bg5  Be7
14. Nxe7+  Qxe7  15. gxh5
Qe5  16. Nxc6  bxc6
17. h6  Nh7  18. Rg1
g6  19. Re1  Bd7
20. f4  Qe6  21. Qc3
f6  22. Bc4  d5
23. exd5  Qf7  24. dxc6  Be6
25. Rxe6  Rxe6  26. f5
1-0

[Event "MCR mladeze, Kouty 2018 - D12"]
[Site "Kouty nad Desnou"]
[Date "2018.03.13"]
[Round "5"]
[White "Szuscikova, Natalie"]
[Black "Seda, Michaela"]
[Result "1/2-1/2"]
[WhiteElo "1181"]
[BlackElo "1250"]
[EventDate "2018.03.10"]

1. e4  e5  2. Nf3  Nc6
3. d4  exd4  4. Bc4
Nf6  5. O-O  Nxe4
6. Re1  d5  7. Bxd5
Qxd5  8. Nc3  Qa5
9. Nxe4  Be6  10. Bg5
Be7  11. Bxe7  Nxe7
12. Qxd4  O-O  13. Neg5
Nc6  14. Qh4  h6
15. Nxe6  fxe6  16. Rxe6
Rfe8  17. Rg6  Ne5
18. Nxe5  Qxe5  19. Rf1
Rad8  20. h3  Kh7
21. Qg4  Qxb2  22. Qf5
Kg8  23. Qf4  1/2-1/2

[Event "MCR mladeze, Kouty 2018 - D12"]
[Site "Kouty nad Desnou"]
[Date "2018.03.13"]
[Round "5"]
[White "Folkova, Marketa"]
[Black "Vavrinkova, Marie"]
[Result "1-0"]
[WhiteElo "1027"]
[BlackElo "1165"]
[EventDate "2018.03.10"]

1. e4  e5  2. d4  exd4
3. Qxd4  Nc6  4. Qe3
Nge7  5. Nc3  g6
6. Bc4  Bg7  7. Nf3
O-O  8. O-O  Ne5
9. Nxe5  Bxe5  10. Qh3
d5  11. Qh4  dxc4
12. Bg5  Re8  13. Nd5
Bd6  14. Nf6+  Kh8
15. Qxh7# 1-0

[Event "MCR mladeze, Kouty 2018 - D12"]
[Site "Kouty nad Desnou"]
[Date "2018.03.13"]
[Round "5"]
[White "Havelkova, Beata"]
[Black "Jandova, Zuzana"]
[Result "1-0"]
[WhiteElo "1148"]
[BlackElo "1029"]
[EventDate "2018.03.10"]

1. e4  e5  2. Nf3  Nc6
3. Bb5  Nf6  4. O-O
Nxe4  5. Re1  Nf6
6. Nxe5  Nxe5  7. Rxe5+
Be7  8. Qe2  Ng8
9. d4  c6  10. Bd3
d6  11. Re3  Nf6
12. c4  Bg4  13. f3
Bh5  14. Nc3  c5
15. d5  Rc8  16. Bd2
Rc7  17. Re1  Bg6
18. Bxg6  hxg6  19. Nb5
Rd7  20. Nxd6+  Rxd6
21. Rxe7+  Kf8  22. Bg5
Qb8  23. Bf4  Kg8
24. Qe5  Qd8  25. Qxd6
Qa5  26. Bg5  Nh5
27. g4  Kh7  28. gxh5
gxh5 29. Rf1 Qxa2  30. Rxf7
Qxb2  31. f4  Qd4+  32. Rf2
Qd1+  33. Rf1  Qg4+
34. Kf2  Qh3  35. Qh6+
Kg8  36. Qxg7#  1-0

[Event "MCR mladeze, Kouty 2018 - D12"]
[Site "Kouty nad Desnou"]
[Date "2018.03.13"]
[Round "5"]
[White "Stribna, Julie"]
[Black "Ticha, Sofie"]
[Result "1/2-1/2"]
[WhiteElo "1061"]
[BlackElo "1086"]
[EventDate "2018.03.10"]

1. e4  c5  2. c3  d5
3. exd5  Qxd5  4. d4
Nf6  5. Nf3  Bg4
6. Be2  e6  7. O-O
Nc6  8. Be3  cxd4
9. cxd4  Be7  10. Nc3
Qd6  11. h3  Bh5
12. Re1  O-O  13. Qd2
a6  14. Rad1  Nb4
15. a3  Nbd5  16. Nxd5
Qxd5  17. Qc1  Rac8
18. Qa1  Rfd8  19. b4
a5  20. Qb2  axb4
21. axb4  Qd6  22. Bd2
Ne4  23. b5  Nxd2
24. Nxd2  Bxe2  25. Rxe2
Qb4  26. Qxb4  Bxb4
27. Nf3  h6  28. Re3
Rc3  29. Red3  Rxd3
30. Rxd3  Rd5  31. Rb3
Bd6  32. b6  Kf8
33. Kf1  Ke7  34. Ke2
Kd7  35. Kd3  Kc6
36. Kc4  e5  37. dxe5
Bxe5  38. Nxe5+  Rxe5
39. g4  Rc5+  40. Kd4
Rb5  41. Rxb5  Kxb5
42. Ke5  Kxb6  43. Kd6
Ka5  44. Ke7  b5
45. f4  b4  46. f5
b3  47. Kxf7  b2
48. Kxg7  b1=Q  49. f6
Qb2  50. Kg6  Qe5
51. h4  Qe8+  52. Kxh6
Qf7  53. Kg5  Qg8+
54. Kf5  Qc8+  1/2-1/2

[Event "MCR mladeze, Kouty 2018 - D12"]
[Site "Kouty nad Desnou"]
[Date "2018.03.13"]
[Round "5"]
[White "Glasbergerova, Lucie"]
[Black "Stavova, Helena"]
[Result "0-1"]
[WhiteElo "1222"]
[BlackElo "1000"]
[EventDate "2018.03.10"]

1. e4  e5  2. Nf3  Nc6
3. Bc4  Bc5  4. Nc3
Nf6  5. O-O  O-O
6. d3  h6  7. Be3
Bb6  8. a3  d6
9. h3  Be6  10. Ba2  Qd7
11. Bxe6  fxe6  12. Qd2
Bxe3  13. fxe3  Rad8
14. d4  exd4  15. exd4
Ne7  16. Rad1  c6
17. e5  dxe5  18. dxe5
Qxd2  19. Rxd2  Nfd5
20. Nxd5  Nxd5  21. Nd4
Rxf1+  22. Kxf1  Re8
23. Ke2  c5  24. c4
cxd4  25. cxd5  exd5
26. Rxd4  Rxe5+  27. Kd3
Kf7  28. Rb4  b6
29. Kd4  Ke6  30. Rb3
Re2  31. Rg3  g5
32. b4  Re4+  33. Kc3
Ke5  34. Rf3  d4+
35. Kd3  Rf4  36. a4
Rxf3+  37. gxf3  Kf4
38. Kxd4  Kxf3  39. Ke5
Kg3  40. Kf5  Kxh3
41. Kg6  g4  42. Kxh6
g3  43. Kg6  g2
44. Kf6  g1=Q  45. Ke6  Qd4
46. a5  Kg4  47. axb6
axb6  48. b5  Qc5
49. Kf6  Qd6+  50. Kf7
Kf5  51. Kg7  Qf6+
52. Kg8  Qe7  53. Kh8
Kf6  54. Kg8  Qg7#
0-1

[Event "MCR mladeze, Kouty 2018 - D12"]
[Site "Kouty nad Desnou"]
[Date "2018.03.13"]
[Round "5"]
[White "Coufalova, Laura"]
[Black "Klausova, Katerina"]
[Result "1-0"]
[WhiteElo "1089"]
[BlackElo "1000"]
[EventDate "2018.03.10"]

1. e4  e5  2. Nf3  Nc6
3. Bc4  Nf6  4. Nc3
Bc5  5. d3  O-O
6. Bg5  h6  7. Bh4  g5
8. Bg3  Ng4  9. O-O
h5  10. h3  Nh6
11. Bh2  d6  12. Nd2  g4
13. hxg4  hxg4  14. Nb3
Bb6  15. Qd2  Qf6
16. Nd5  Qg7  17. g3
Bc5  18. Nxc5  dxc5
19. Nxc7  Rb8  20. Nd5
Bd7  21. Bb5  a6
22. Bxc6  Bxc6  23. Ne7+
Kh7  24. Nxc6  bxc6
25. b3  Rfd8  26. Qa5
Rd7  27. Qxa6  f5
28. exf5  Nxf5  29. a4
Kh8  30. Qxc6  Rbd8
31. Qxc5  Qh6  32. Qxe5+
Kg8  33. Qxf5  Rf8
34. Qxd7  Rf7  35. Qxg4+
Rg7  36. Qc8+  Kf7
37. Qf5+  Kg8  38. Rfe1
Rh7  39. Re8+  Kg7
40. Re7+  Kg8  41. Qg4+
Kf8  42. Rxh7  Qxh7
43. a5  Qf7  44. Qf4
Kg7  45. Qxf7+  Kxf7
46. a6  Ke8  47. a7
Kd7  48. a8=Q  Kd6
49. Qe4  Kc5  50. Ra5+
Kb6  51. Rh5  Kc7
52. Qg6  Kd7  53. Rh7+
Kd8  54. Qg8# 1-0

[Event "MCR mladeze, Kouty 2018 - D12"]
[Site "Kouty nad Desnou"]
[Date "2018.03.13"]
[Round "5"]
[White "Macova, Marketa"]
[Black "Sehnoutkova, Laura"]
[Result "0-1"]
[WhiteElo "1000"]
[BlackElo "1079"]
[EventDate "2018.03.10"]

1. e4  c5  2. Bc4  e6
3. Nc3  Nc6  4. Nf3
g6  5. d3  Bg7
6. O-O  Nge7  7. Be3  d5
8. Bxc5  dxc4  9. dxc4
Qxd1  10. Raxd1  b6
11. Ba3  Bd7  12. Nb5
Rc8  13. Nd6+  Kd8
14. Nxc8  Nxc8  15. Rd2
Kc7  16. Rfd1  Rd8
17. Bd6+  Nxd6  18. Rxd6
Bxb2  19. Ng5  Ne5
20. Nxh7  Nxc4  21. R6d3
f5  22. exf5  gxf5
23. h3  Bg7  24. Rg3
Nb2  25. Rd2  Be5
26. Rf3  Bc6  27. Rxd8
Kxd8  28. h4  Bxf3
29. gxf3  Ke7  30. Ng5
Kf6  31. Kg2  Nc4
32. Kh3  Ke7  33. h5
Bf6  34. f4  Na3
35. h6  Nxc2  36. Kh4
Bh8  37. h7  Kf6
38. Kh5  a5  39. Kh6
b5  40. Nf3  b4
41. Nd2  Nd4  42. f3  a4
43. Kh5  b3  44. axb3
a3  45. b4  a2
46. Nc4  a1=Q 47. b5 Qh1# 0-1

[Event "MCR mladeze, Kouty 2018 - D12"]
[Site "Kouty nad Desnou"]
[Date "2018.03.13"]
[Round "5"]
[White "Mitasova, Klara"]
[Black "Movsisyan, Lusine"]
[Result "0-1"]
[WhiteElo "1000"]
[BlackElo "1000"]
[EventDate "2018.03.10"]

1. e4  c5  2. Nf3  d6
3. Nc3  Nf6  4. Bc4
e6  5. O-O  Be7
6. d3  O-O  7. Be3  Nc6
8. d4  a6  9. dxc5
dxc5  10. e5  Nd7
11. Rc1  Ncxe5  12. Nxe5
Nxe5  13. Be2  b5
14. Bf4  Bd6  15. Bf3
Nxf3+  16. Qxf3  Bxf4
17. Qxf4  Qd4  18. Ne2
Qxb2  19. Qf3  Bd7
20. Nf4  Rac8  21. Qg3
e5  22. Nh5  g6
23. Nf6+  Kg7  24. Nxd7  Rfe8
25. Rfe1  e4  26. Qd6
Qc3  27. Qxa6  e3
28. fxe3  Rxe3  29. Qxc8
Rxe1+  30. Kf2  Qe3#
0-1

[Event "MCR mladeze, Kouty 2018 - D12"]
[Site "Kouty nad Desnou"]
[Date "2018.03.14"]
[Round "6"]
[White "Voriskova, Anna"]
[Black "Fizerova, Lucie"]
[Result "1/2-1/2"]
[WhiteElo "1521"]
[BlackElo "1367"]
[EventDate "2018.03.10"]

1. e4  d5  2. exd5  Nf6
3. d4  Nxd5  4. Nf3
Bg4  5. Be2  e6
6. O-O  Nc6  7. c3  Be7
8. h3  Bh5  9. b3
O-O  10. c4  Nb6
11. Bb2  Bf6  12. Nbd2
Bg6  13. Nb1  a5
14. Qd2  Bh5  15. Rd1
Re8  16. Na3  Qe7
17. Nb5  a4  18. Ba3
Qd7  19. Qf4  Bxf3
20. Bxf3  Rec8  21. Qg4
Rd8  22. Qg3  Nxd4
23. Bb2  c5  24. Kh1
Qe7  25. Nxd4  Bxd4
26. Bxd4  cxd4  27. Be4
e5  28. bxa4  Nxc4
29. Rab1  Nd6  30. Qf3
Rxa4  31. Bxb7  Rxa2
32. Bd5  Ra7  33. Re1
Qf6  34. Qb3  Rc7
35. Qb6  Rdc8  36. Ra1
Ne8  37. Qb3  g6
38. Bf3  Ng7  39. Ra5
Re8  40. Qb5  Rce7
41. Qb1  Qf5  42. Qb2
Qd7  43. Rd5  Qc7
44. Rc1  Qb8  45. Rb5
Qd8  46. Bc6  e4
47. Rd5  Qb8  48. Qxd4
Rc8  1/2-1/2

[Event "MCR mladeze, Kouty 2018 - D12"]
[Site "Kouty nad Desnou"]
[Date "2018.03.14"]
[Round "6"]
[White "Trasakova, Adela"]
[Black "Koci, Magda"]
[Result "1/2-1/2"]
[WhiteElo "1227"]
[BlackElo "1301"]
[EventDate "2018.03.10"]

1. d4  d5  2. Bf4  Bf5
3. e3  e6  4. Bd3
Nf6  5. Nf3  Bd6
6. O-O  O-O  7. c3
Bxf4  8. exf4  Nbd7
9. Qc2  Bxd3  10. Qxd3
Ne4  11. Ne5  f6
12. Nxd7  Qxd7  13. Nd2
Nxd2  14. Qxd2  Rfe8
15. Rfe1  Qd6  16. Rad1
c6  17. Qe3  Re7
18. Re2  Rae8  19. Rde1
b6  20. Qg3  c5
1/2-1/2

[Event "MCR mladeze, Kouty 2018 - D12"]
[Site "Kouty nad Desnou"]
[Date "2018.03.14"]
[Round "6"]
[White "Vankova, Marie"]
[Black "Markova, Karolina"]
[Result "0-1"]
[WhiteElo "1291"]
[BlackElo "1147"]
[EventDate "2018.03.10"]

1. e4  e5  2. Nf3  Nf6
3. Nc3  Bb4  4. Nxe5
d6  5. Nd3  Bxc3
6. dxc3  Nxe4  7. Be2
O-O  8. O-O  d5
9. Re1  Re8  10. Nf4  c6
11. Bd3  Nc5  12. Bd2
Nxd3  13. cxd3  Nd7
14. Re3  Nf6  15. Qe2
Rxe3  16. Qxe3  Bd7
17. Re1  Qc7  18. Nh5
Nxh5  19. Qf3  Nf6
20. Bg5  Re8  21. Rxe8+
Nxe8  22. Qe3  b6
23. Bf4  Qd8  24. a4
Be6  25. a5  h6
26. Qg3  Qf6  27. axb6  axb6
28. Qe3  Qf5  29. g3
g5  30. Bb8  b5
31. Qb6  Bd7  32. Qe3  Qe6
33. Qd2  Nf6  34. Ba7
Qf5  35. Be3  Ng4
36. Bd4  Ne5  37. Bxe5
Qxe5  38. Kg2  Qf5
39. Qe2  Qh3+  40. Kg1
Qe6  41. Qh5  Qg6
42. Qe2  f6  43. Qe3
Bf5  44. d4  Bh3
45. Qe1  Qe4  46. Qxe4
dxe4  47. b3  Be6
48. b4  Bc4  49. Kg2
Kf7  50. g4  Ke6
51. h3  f5  52. Kg3
f4+  53. Kg2  e3
54. fxe3  fxe3  55. h4
e2  56. d5+  Kxd5
57. hxg5  hxg5  58. Kf3
e1=Q  59. Kg2  Qf1+
60. Kg3  Qf4+  0-1

[Event "MCR mladeze, Kouty 2018 - D12"]
[Site "Kouty nad Desnou"]
[Date "2018.03.14"]
[Round "6"]
[White "Zelbova, Lada"]
[Black "Zemanova, Nikola"]
[Result "1/2-1/2"]
[WhiteElo "1131"]
[BlackElo "1173"]
[EventDate "2018.03.10"]

1. d4  Nf6  2. c4  g6
3. Nc3  c6  4. Bg5
d5  5. Bxf6  exf6
6. e3  Bg7  7. Nf3
O-O  8. Be2  a6
9. cxd5  cxd5  10. Qb3  Qa5
11. Qxd5  Qxd5  12. Nxd5
Nc6  13. O-O  Be6
14. Nb6  Rad8  15. Rfd1
Ne7  16. a3  Nd5
17. Na4  Rc8  18. Rdc1
b5  19. Nc5  Nc7
20. a4  Rfd8  21. axb5
axb5  22. Ra7  Bf8
23. Rb7  Bd5  24. e4
Bxb7  25. Nxb7  Re8
26. Bd3  Ne6  27. Rb1
Nf4  28. Bxb5  Rxe4
29. g3  Ne2+  30. Kg2
Nxd4  31. Bd3  Nxf3
1/2-1/2

[Event "MCR mladeze, Kouty 2018 - D12"]
[Site "Kouty nad Desnou"]
[Date "2018.03.14"]
[Round "6"]
[White "Pejrimovska, Viola Ruby"]
[Black "Stastna, Alena"]
[Result "1-0"]
[WhiteElo "1444"]
[BlackElo "1067"]
[EventDate "2018.03.10"]

1. e4 c5 2. b4 d6 3. Bc4 e6 4. bxc5 d5 5. exd5 exd5 6. Bb5+ Bd7 7. Bxd7+ Qxd7 8.
d4 Nf6 9. Nf3 Be7 10. O-O O-O 11. Ne5 Qf5 12. Re1 Re8 13. Bb2 Nc6 14. Nxc6 bxc6
15. Re5 Qg6 16. Qe2 Ng4 17. Rxe7 Rxe7 18. Qxe7 Qxc2 19. Qe1 Qxb2 20. Nc3 Nxf2 21.
Rb1 Nd3 22. Qg3 Qxb1+ 23. Nxb1 Nc1 24. Qe1 Nxa2 25. Qd2 Re8 26. Qxa2 Re4 27. Qxa7
g6 28. Nd2 Re1+ 29. Kf2 Re6 30. Nf3 Rf6 31. Kg1 Rf5 32. Qb6 g5 33. Qxc6 h5 34.
Qh6 h4 35. c6 Rxf3 36. gxf3 f5 37. c7 1-0

[Event "MCR mladeze, Kouty 2018 - D12"]
[Site "Kouty nad Desnou"]
[Date "2018.03.14"]
[Round "6"]
[White "Sulcova, Tereza"]
[Black "Nespora, Tatana"]
[Result "0-1"]
[WhiteElo "1140"]
[BlackElo "1274"]
[EventDate "2018.03.10"]

1. d4 d5  2. Nf3  c5  3. c3
e6  4. e3  Nf6
5. Bd3  Be7  6. Nbd2  b6
7. O-O  Bb7  8. Qe2
Nbd7  9. e4  dxe4
10. Nxe4  O-O  11. Bf4
Nh5  12. Bg3  Nxg3
13. fxg3  Qc7  14. Rf2
Rac8  15. Raf1  h6
16. g4  e5  17. g5
h5  18. Nh4  g6
19. Nf3  a6  20. Bxa6  Bxa6
21. Qxa6  Ra8  22. Qc4
Qb7  23. Nxe5  b5
24. Qd3  Nxe5  25. dxe5
Rad8  26. Qf3  Qd5
27. Re2  Qxa2  28. b4
Qc4  29. bxc5  Rd3
30. Qf2  Rd5  31. Qf3
Rd3  32. Qf4  Rd5
33. Nf6+  Bxf6  34. Qxc4
bxc4  35. exf6  Rxc5
36. Re4  Rd8  37. Rff4
Rd1+  38. Kf2  Rd2+
39. Kf1  Rxg5  40. Rxc4
Rgxg2  41. Rc8+  Kh7
42. c4  Rxh2  43. Ke1
Rc2  44. Kd1  Ra2
0-1

[Event "MCR mladeze, Kouty 2018 - D12"]
[Site "Kouty nad Desnou"]
[Date "2018.03.14"]
[Round "6"]
[White "Martinkova, Magdalena"]
[Black "Havelkova, Beata"]
[Result "1-0"]
[WhiteElo "1112"]
[BlackElo "1148"]
[EventDate "2018.03.10"]

1. e4  c5  2. Nf3  d6
3. d4  cxd4  4. Nxd4
Nf6  5. Nc3  g6
6. Be3  Bg7  7. f3  O-O
8. Qd2  Nc6  9. g4
Bxg4  10. fxg4  Nxg4
11. Nxc6  bxc6  12. Bd4
e5  13. Bg1  Rb8
14. b3  Qe7  15. h3
Qh4+  16. Bf2  Nxf2
17. Qxf2  Qxf2+  18. Kxf2
Rbd8  19. Rd1  Rfe8
20. Bc4  Kf8  21. Rhf1
Ke7  22. Kg3  Rf8
23. Kg4  f6  24. Rd3
Rd7  25. Rdf3  Rfd8
26. b4  d5  27. exd5
f5+  28. Kg3  e4
29. Re3  Bxc3  30. Rxc3
cxd5  31. Bb5  Rb7
32. a4  Kd6  33. Kf4
Rc7  34. Rxc7  Kxc7
35. Ke5  Kb6  36. Rd1
a6  37. Bf1  Rc8
38. a5+  Kb7  39. Rxd5
Rxc2  40. Rd7+  Kc6
41. Rd6+  Kc7  42. Bxa6
Ra2  43. Ke6  e3
44. b5  Rd2  45. Rc6+
Kb8  46. b6  Rd8
47. Rd6  Rxd6+  48. Kxd6
f4  49. Be2  Kb7
50. Bf3+  Kb8  51. a6
1-0